<?xml version="1.0" encoding="UTF-8"?><marc:collection xmlns:marc="http://www.loc.gov/MARC21/slim">
  <marc:record>
    <marc:leader>00000nas##2200000za#4500</marc:leader>
    <marc:controlfield tag="001">9.503222</marc:controlfield>
    <marc:controlfield tag="003">CaOODSP</marc:controlfield>
    <marc:controlfield tag="005">20200325120938</marc:controlfield>
    <marc:controlfield tag="007">cr |||||||||||</marc:controlfield>
    <marc:controlfield tag="008">150406c1997||||xxc|| p o||||f|   |0fre|d</marc:controlfield>
    <marc:datafield tag="022" ind1=" " ind2=" ">
      <marc:subfield code="a">1709-0342</marc:subfield>
    </marc:datafield>
    <marc:datafield tag="040" ind1=" " ind2=" ">
      <marc:subfield code="a">CaOODSP</marc:subfield>
      <marc:subfield code="b">fre</marc:subfield>
    </marc:datafield>
    <marc:datafield tag="043" ind1=" " ind2=" ">
      <marc:subfield code="a">n-cn---</marc:subfield>
    </marc:datafield>
    <marc:datafield tag="086" ind1="1" ind2=" ">
      <marc:subfield code="a">H112-2F-PDF</marc:subfield>
    </marc:datafield>
    <marc:datafield tag="110" ind1="1" ind2=" ">
      <marc:subfield code="a">Canada.</marc:subfield>
      <marc:subfield code="b">Santé Canada. </marc:subfield>
      <marc:subfield code="b">Agence de réglementation de la lutte antiparasitaire.</marc:subfield>
    </marc:datafield>
    <marc:datafield tag="245" ind1="1" ind2="0">
      <marc:subfield code="a">PEPUDU - mise à jour </marc:subfield>
      <marc:subfield code="h">[ressource électronique]</marc:subfield>
    </marc:datafield>
    <marc:datafield tag="246" ind1="1" ind2=" ">
      <marc:subfield code="i">Titre de renvoi : </marc:subfield>
      <marc:subfield code="a">Extension du profil d’emploi pour les usages limités demandée par les utilisateurs (PEPUDU)</marc:subfield>
    </marc:datafield>
    <marc:datafield tag="260" ind1=" " ind2=" ">
      <marc:subfield code="a">Ottawa - Ontario : </marc:subfield>
      <marc:subfield code="b">Santé Canada. </marc:subfield>
      <marc:subfield code="c">1997-2003.</marc:subfield>
    </marc:datafield>
    <marc:datafield tag="310" ind1=" " ind2=" ">
      <marc:subfield code="a">Irrégulier</marc:subfield>
    </marc:datafield>
    <marc:datafield tag="362" ind1="1" ind2=" ">
      <marc:subfield code="a">U[RL]97-01 - URL2003-02</marc:subfield>
    </marc:datafield>
    <marc:datafield tag="500" ind1=" " ind2=" ">
      <marc:subfield code="a">«Le présent document contient des renseignements sur les plus récentes propositions visant l’extension du profil d’emploi pour les usages limités de pesticides qui ont été évaluées et acceptées en vue d’une homologation.»--Page 1.</marc:subfield>
    </marc:datafield>
    <marc:datafield tag="500" ind1=" " ind2=" ">
      <marc:subfield code="a">Ne paraît plus après URL2003-02 (13 juin 2003).</marc:subfield>
    </marc:datafield>
    <marc:datafield tag="520" ind1="3" ind2=" ">
      <marc:subfield code="a">Ces documents contiennent des renseignements sur les plus récentes propositions visant l’extension du profil d’emploi pour les usages limités de pesticides qui ont été évaluées et acceptées en vue d’une homologation.</marc:subfield>
    </marc:datafield>
    <marc:datafield tag="691" ind1="0" ind2="7">
      <marc:subfield code="a">Pesticide</marc:subfield>
      <marc:subfield code="2">gcpds</marc:subfield>
    </marc:datafield>
    <marc:datafield tag="691" ind1="0" ind2="7">
      <marc:subfield code="a">Réglementation</marc:subfield>
      <marc:subfield code="2">gcpds</marc:subfield>
    </marc:datafield>
    <marc:datafield tag="775" ind1="0" ind2="8">
      <marc:subfield code="t">URMULE update </marc:subfield>
      <marc:subfield code="w">(CaOODSP)9.506826</marc:subfield>
    </marc:datafield>
    <marc:datafield tag="776" ind1="0" ind2="#">
      <marc:subfield code="t">PEPUDU - mise à jour </marc:subfield>
      <marc:subfield code="w">(CaOODSP)9.512685</marc:subfield>
    </marc:datafield>
  </marc:record>
</marc:collection>
